000 00346nam a22001457a 4500
020 _a9788186514405
082 _a001.4
_bJIN
100 _aJINDAL,SURESH KUMAR
245 _aVIGYAN ANUSANDHAN
260 _aNEW DELHI
_bDRDO
_c2013
300 _a309
650 _aRESEARCH METHODOLOGY
653 _aSCIENTIST RESEARCH METHODOLOGY
942 _2ddc
_cBK
999 _c8205
_d8205